[Event "Mumbai Wealth op U13"]
[Site "Mumbai"]
[Date "2016.02.02"]
[Round "6"]
[White "Sharath, R Shanbhag"]
[Black "Bhushita, Ahuja"]
[Result "1/2-1/2"]
[WhiteElo "1282"]
[BlackElo "1180"]
[PlyCount "68"]
[EventDate "2016.01.28"]
[EventType "swiss"]
[EventRounds "9"]
[EventCountry "IND"]
[SourceTitle "CBM 170 Extra"]
[Source "ChessBase"]
[SourceDate "2016.02.25"]
[SourceVersion "1"]
[SourceVersionDate "2016.02.25"]
[SourceQuality "1"]

1. d4 Nf6 2. Bf4 e6 3. e3 d5 4. Nf3 c5 5. c3 cxd4 6. exd4 Be7 7. Bd3 0-0 8. 0-0 Nc6 9. h3 Nh5 10. Bh2 g6 11. Ne5 Bd6 12. Be2 Ng7 13. Nxc6 bxc6 14. Bxd6 Qxd6 15. Nd2 e5 16. dxe5 Qxe5 17. Nf3 Qc7 18. Nd4 Bb7 19. Qc2 Rfe8 20. Rfe1 Ne6 21. Nxe6 Rxe6 22. Bg4 Rf6 23. Qe2 Bc8 24. Bxc8 Rxc8 25. Qe7 Qxe7 26. Rxe7 a6 27. Rf1 Re6 28. Ra7 c5 29. Rd7 Re2 30. Rb1 Rb8 31. Rxd5 Rbxb2 32. Rxb2 Rxb2 33. Rxc5 Rxa2 34. Rc6 Ra1+ 1/2-1/2